Direct marketing [strategie - plánování - provedení
Salvato in:
| Autore principale: | |
|---|---|
| Altri autori: | |
| Natura: | Libro |
| Lingua: | ceco |
| Pubblicazione: |
Praha
Computer Press
2003
|
| Serie: | Ekonomie
Praxe manažera Business books |
| Soggetti: | |
| Tags: |
Nessun Tag, puoi essere il primo ad aggiungerne!!
|
MARC
| LEADER | 00000nam a2200000 4500 | ||
|---|---|---|---|
| 001 | c143046 | ||
| 005 | 20221124084915.9 | ||
| 020 | |a 80-7226-838-4 | ||
| 041 | 0 | |a cze | |
| 044 | |a CZ | ||
| 245 | 1 | 0 | |a Direct marketing |b [strategie - plánování - provedení |c Edward Nash ; překlad: Vilém Jungmann |
| 264 | 1 | |a Praha |b Computer Press |c 2003 | |
| 300 | |a 604 s. | ||
| 490 | 1 | |a Ekonomie | |
| 830 | 0 | |a Ekonomie | |
| 490 | 1 | |a Praxe manažera | |
| 830 | 0 | |a Praxe manažera | |
| 490 | 1 | |a Business books | |
| 830 | 0 | |a Business books | |
| 610 | 2 | 0 | |a marketing priamy |
| 610 | 2 | 0 | |a plánovanie strategické |
| 610 | 2 | 0 | |a plán marketingový |
| 610 | 2 | 0 | |a testy |
| 610 | 2 | 0 | |a pravdepodobnosť |
| 610 | 2 | 0 | |a ponuka |
| 610 | 2 | 0 | |a ceny |
| 610 | 2 | 0 | |a úver |
| 610 | 2 | 0 | |a zákazníci |
| 610 | 2 | 0 | |a taktika reklamy |
| 610 | 2 | 0 | |a reklama |
| 610 | 2 | 0 | |a propagácia |
| 610 | 2 | 0 | |a výroba |
| 610 | 2 | 0 | |a tlač |
| 610 | 2 | 0 | |a rozhlas |
| 610 | 2 | 0 | |a televízia |
| 610 | 2 | 0 | |a kreativita |
| 610 | 2 | 0 | |a telemarketing |
| 610 | 2 | 0 | |a svet |
| 610 | 2 | 0 | |a trh |
| 100 | 1 | |a Nash, Edward | |
| 700 | 1 | |a Jungmann, Vilém | |